| 000 | 00663nam a22002057a 4500 | ||
|---|---|---|---|
| 005 | 20180820122428.0 | ||
| 010 | _aENG-123736 | ||
| 020 |
_a9789352873807 _c315.00 |
||
| 035 | _aEN-107268 | ||
| 037 | _bDBAD/PUB. | ||
| 082 | _a954.33 | ||
| 100 | _aRajan Gurukkal | ||
| 245 |
_aHistory of kerala: _cby Rajan Gurukkal [and] Raghava Varier _bPrehistoric to the present / |
||
| 260 |
_aHyderabad _bOrient Blackswan _c2018 |
||
| 270 |
_a3-6-752 Himayatnagar, _bHyderabad _e500029 |
||
| 300 | v |
_axvi,366p.) _c21cm(pbk) |
|
| 500 | _aIt includes bibliography, appendices and index | ||
| 700 | _aVarier, Raghava | ||
| 942 |
_2ddc _cEN _mRAJ _h954.33 |
||
| 999 |
_c156081 _d156081 |
||